Southville International School and Colleges
Your cart is empty.
  • Cart
  • Lists
    Public lists Eva Luna New books Lux_list list_1
    Your lists Log in to create your own lists
  • Log in to your account
  • Your cookies
  • Search history
Southville International School and Colleges
  • Advanced search
  • Recent comments
  • Most popular
  • Libraries

Log in to your account

Log in with GOOGLE


If you do not have an external account, but do have a local account, you can still log in:

  1. Home
  2. MARC view: The happy prince and other stories /
Normal view MARC view ISBD view

The happy prince and other stories / (Record no. 7467)

[ view plain ]
MARC details
000 -LEADER
fixed length control field 01272cam a2200361 a 4500
001 - CONTROL NUMBER
control field 4363266
003 - CONTROL NUMBER IDENTIFIER
control field SISC
005 - DATE AND TIME OF LATEST TRANSACTION
control field 20160303091534.0
008 - FIXED-LENGTH DATA ELEMENTS--GENERAL INFORMATION
fixed length control field 900913r19911913nyuaf j 000 1 eng
010 ## - LIBRARY OF CONGRESS CONTROL NUMBER
LC control number 90048353
020 ## - INTERNATIONAL STANDARD BOOK NUMBER
International Standard Book Number 0-14-062137-7
040 ## - CATALOGING SOURCE
Original cataloging agency DLC
Transcribing agency DLC
Modifying agency DLC
042 ## - AUTHENTICATION CODE
Authentication code lcac
043 ## - GEOGRAPHIC AREA CODE
Geographic area code e-ie---
050 00 - LIBRARY OF CONGRESS CALL NUMBER
Classification number PZ 8
Item number .Hav 1991
082 00 - DEWEY DECIMAL CLASSIFICATION NUMBER
Classification number CLA
Item number W64h 1994
100 1# - MAIN ENTRY--PERSONAL NAME
Personal name Wilde, Oscar,
Dates associated with a name 1854-1900.
9 (RLIN) 3111
245 14 - TITLE STATEMENT
Title The happy prince and other stories /
Statement of responsibility, etc Oscar Wilde
260 ## - PUBLICATION, DISTRIBUTION, ETC. (IMPRINT)
Place of publication, distribution, etc New York :
Name of publisher, distributor, etc Books of Wonder,
Date of publication, distribution, etc c1991.
300 ## - PHYSICAL DESCRIPTION
Extent 133 p.
Dimensions 24 cm.
520 ## - SUMMARY, ETC.
Summary, etc This facsimile of the 1913 edition includes, along with the title story, "The nightingale and the rose," "The selfish giant," "The devoted friend," and "The remarkable rocket."
650 #0 - SUBJECT ADDED ENTRY--TOPICAL TERM
Topical term or geographic name as entry element Classics
Geographic subdivision Ireland.
9 (RLIN) 3112
650 #0 - SUBJECT ADDED ENTRY--TOPICAL TERM
Topical term or geographic name as entry element Children's stories, English.
9 (RLIN) 3113
650 #1 - SUBJECT ADDED ENTRY--TOPICAL TERM
Topical term or geographic name as entry element Fairy tales.
9 (RLIN) 3114
650 #1 - SUBJECT ADDED ENTRY--TOPICAL TERM
Topical term or geographic name as entry element Short stories.
9 (RLIN) 2265
700 1# - ADDED ENTRY--PERSONAL NAME
Personal name Robinson, Charles,
Relator term ill.
9 (RLIN) 3115
906 ## - LOCAL DATA ELEMENT F, LDF (RLIN)
a 7
b cbc
c orignew
d 1
e ocip
f 19
g y-gencatlg
942 ## - ADDED ENTRY ELEMENTS (KOHA)
Source of classification or shelving scheme Library of Congress Classification
Koha item type Books
Holdings
Withdrawn status Lost status Source of classification or shelving scheme Damaged status Home library Current library Shelving location Date acquired Total Checkouts Full call number Barcode Date last seen Copy number Price effective from Koha item type
    Library of Congress Classification   Luxembourg Library Luxembourg Library Classic Section 07/23/2013   PZ 8 .W671 1991 3787 08/13/2013 1 10/03/2013 Books
    Library of Congress Classification   Luxembourg Library Luxembourg Library Classic Section 07/23/2013   PZ 8 .W671 1991 1868 08/13/2013 1 10/03/2013 Books

The happy prince and other stories /

APA

Wilde O., Robinson C., . (1991). The happy prince and other stories. New York: Books of Wonder.

Chicago

Wilde Oscar, Robinson Charles, . 1991. The happy prince and other stories. New York: Books of Wonder.

Harvard

Wilde O., Robinson C., . (1991). The happy prince and other stories. New York: Books of Wonder.

MLA

Wilde Oscar, Robinson Charles, . The happy prince and other stories. New York: Books of Wonder. 1991.

  • Place hold
  • Print
  • Cite
  • Add to your cart (remove)
  • Save record
    BIBTEX Dublin Core MARCXML MARC (non-Unicode/MARC-8) MARC (Unicode/UTF-8) MARC (Unicode/UTF-8, Standard) MODS (XML) RIS
  • More searches
    Search for this title in:
    Other Libraries (WorldCat) Other Databases (Google Scholar) Online Stores (Bookfinder.com) Open Library (openlibrary.org)

Exporting to Dublin Core...

SOUTHVILLE LIBRARY

Southville International School and Colleges Library

1281 Tropical Ave. Cor. Luxembourg St., BF Homes International, Las Pinas City

Tel. No. 8256374 / 252358 Loc. 117/146

Powered by Koha